|
|
|
|
| LEADER |
00000nab a2200000 a 4500 |
| 001 |
vtls009529305 |
| 003 |
SK-MaSNL |
| 005 |
20260304173416.0 |
| 008 |
090624 2009 xo e 000 0 slo |
| 038 |
|
|
|a PPPK
|
| 040 |
|
|
|a PPPKCL
|b slo
|c PPPK
|e AACR2
|
| 041 |
0 |
|
|a slo
|
| 044 |
|
|
|a xo
|c SK
|
| 080 |
|
|
|a 796.922.093
|2 2001
|
| 245 |
0 |
0 |
|a Majstrovstvá Slovenska v behu na lyžiach
|c [autor] (luci)
|
| 610 |
2 |
7 |
|a Športový klub (Štrba, Slovensko)
|x založenie
|y 1948
|2 pppkcl
|9 1425569
|
| 611 |
2 |
7 |
|a Majstrovstvá Slovenskej republiky v behu na lyžiach
|d (2009 :
|c Štrbské Pleso, Slovensko)
|2 pppkcl
|9 1503810
|
| 650 |
0 |
7 |
|a lyžovanie
|2 pppkcl
|9 3256
|
| 650 |
0 |
7 |
|a beh na lyžiach
|2 pppkcl
|9 3259
|
| 650 |
0 |
7 |
|a lyžiarske preteky
|2 pppkcl
|9 55635
|
| 651 |
|
7 |
|a Štrbské Pleso (Štrba, Slovensko)
|2 pppkcl
|9 174790
|
| 651 |
|
7 |
|a Poprad (Slovensko : okres)
|2 pppkcl
|9 28675
|
| 773 |
0 |
|
|t Tatranský dvojtýždenník
|g Roč. XX, č. 2 (2009), s. 12
|
| 852 |
|
|
|a PPPK
|b KIS3GCP
|
| 999 |
|
|
|c 3003131
|d 3005061
|